| 000 | 01193nam a22002657a 4500 | ||
|---|---|---|---|
| 001 | 000385 | ||
| 003 | DO-SdBNP | ||
| 005 | 20231123115157.0 | ||
| 007 | 000385 | ||
| 008 | 160713b2001 nyu |00| 0 eng d | ||
| 020 | _a0618162216 | ||
| 040 |
_aBPMSU _bspa _cBPMSU |
||
| 082 | 4 |
_a823.91 _bT917h 2001 _222 |
|
| 100 | 1 |
_aTolkien, J. R. R., _d1892-1973. |
|
| 245 | 1 | 0 |
_aThe hobbit, or, There and back again / _cby J.R.R. Tolkien. |
| 260 |
_aBoston : _bHoughton Mifflin, _c2001. |
||
| 300 |
_a330 p. : _c21 cm. _b |
||
| 505 |
_tAn Unexpected Party -- _tRoast Mutton -- _tA Short Rest -- _tOver Hill and Under Hill -- _tRiddles in the Dark -- _tOut of the Frying-Pan into the Fire -- _tQueer Lodgings -- _tFlies and Spiders -- _tBarrels Out of Bond -- _tA Warm Welcome -- _tOn the Doorstep -- _tInside Information -- _tNot at Home -- _tFire and Water -- _tThe Gathering of the Clouds -- _tA Thief in the Night -- _tThe Clouds Burst -- _tThe Return Journey -- _tThe Last Stage. |
||
| 534 |
_aTÃtulo original : _tThere and back again |
||
| 590 | _aInventariado, 2023/VM | ||
| 650 | 4 | _aCuentos juveniles ingleses | |
| 650 | 4 |
_aMoscas _vCuentos |
|
| 910 | _aVMateo V. Control de calidad. BPMSU | ||
| 942 |
_2ddc _cBK |
||
| 999 |
_c10857 _d10857 |
||